| 000 | 00626nam a2200229Ia 4500 | ||
|---|---|---|---|
| 999 |
_c4300 _d4300 |
||
| 020 | _a6696 | ||
| 082 | _aRS.0616 | ||
| 100 | _aSaxena, Kaushal K. | ||
| 245 | 0 | _aFixed capital stock and the capital output ratios in the Indian economy | |
| 260 | _c2002 | ||
| 300 | _a175 | ||
| 504 | _aincludes bibliography | ||
| 650 |
_aCapital productivity _zIndia |
||
| 650 | _aCost effectiveness | ||
| 650 |
_aCapital _zIndia |
||
| 650 |
_aCapital stock _zIndia |
||
| 650 | _aInfrastructure (Economics) | ||
| 650 | _aFixed assets | ||
| 700 | _aSharma, Satish P | ||
| 710 | _aIndian Institute of Technology, Kanpur | ||
| 942 | _cRP | ||